LUNA DI FIELE (Record n. 106989)

Dettagli MARC
000 -LEADER
fixed length control field 02277agaaa2200337 4500
001 - CONTROL NUMBER
control field 2010
003 - CONTROL NUMBER IDENTIFIER
control field IT-RoPAU
005 - DATE AND TIME OF LATEST TRANSACTION
control field 20220918181253.0
007 - PHYSICAL DESCRIPTION FIXED FIELD--GENERAL INFORMATION
fixed length control field d cvaizq
008 - FIXED-LENGTH DATA ELEMENTS--GENERAL INFORMATION
fixed length control field 50131s9999||||xx ||| | || ||und||
040 ## - CATALOGING SOURCE
Original cataloging agency IT-RoPAU
Transcribing agency IT-RoPAU
041 ## - LANGUAGE CODE
Language code of text/sound track or separate title ITALIANO
100 ## - MAIN ENTRY--PERSONAL NAME
Personal name Polanski Roman
Miscellaneous information Codice regista SPICS: 1627
9 (RLIN) 49812
130 ## - MAIN ENTRY--UNIFORM TITLE
Uniform title LUNA DI FIELE
9 (RLIN) 49813
240 ## - UNIFORM TITLE
Uniform title BITTER MOON
Miscellaneous information T2744
245 ## - TITLE STATEMENT
Title LUNA DI FIELE
Statement of responsibility, etc. Prodotto da: De Laurentis L. E A. -- Sceneggiatura: Polanski Roman Brach Gerard Brownjohn John -- Diretto da: Polanski Roman
Name of part/section of a work LUNA DI FIELE (Rif. Codice opera principale : C2010)
246 ## - VARYING FORM OF TITLE
Title proper/short title BITTER MOON
250 ## - EDITION STATEMENT
Edition statement Edizione Standard
260 ## - PUBLICATION, DISTRIBUTION, ETC. (IMPRINT)
Place of publication, distribution, etc. FRANCIA (FRACIA - INGHILTE)
Name of publisher, distributor, etc. R.P. PROD. - TIMOTHY BURRILL PROD. / Distribuzione: FILMAURO
Date of manufacture "1992 (1° ed.: 1992 ; Ed. Lingua Orig.: 1992)"
300 ## - PHYSICAL DESCRIPTION
Extent VHS
Other physical details sonoro, col.
Dimensions 138 minuti
508 ## - CREATION/PRODUCTION CREDITS NOTE
Creation/production credits note "Fotografia: Delli Colli Tonino; Montaggio: De Luze Herve; Musica: Vangelis Papathanass; Sceneggiatura: Polanski Roman Brach Gerard Brownjohn John; Scenografia: Holt W. Viard G.; Coreografia: Redha; "
511 ## - PARTICIPANT OR PERFORMER NOTE
Participant or performer note "Coyote Peter; Seigner Emmanuelle; Grant Hugh; Scott; Thomas Kristin; Vellani Luca"
520 ## - SUMMARY, ETC.
Summary, etc. SU UNA LUSSUOSA NAVE DA CROCIERA IN ROTTA VERSO L'ORIENTE SI INTRECCIANO LE VITE E I DESTINI DI DUE COPPIE. OSCAR UNO SCRITTORE COSTRETTO SU UNA SEDIA A ROTELLE E MIMI' LA SUA PROVOCANTE GIOVANE MOGLIE CONOSCONO NIGEL E FIONA DUE CONIUGI CHE SPERANO DI SUPERARE IN VACANZA LA CRISI DEL LORO MATRIMONIO. OSCAR AFFASCINA NIGEL COL RACCONTO DETTAGLIATO DELLA SUA PASSIONE PER MIMI' DAL CORTEGGIAMENTO ALL'INTIMITA', DAGLI ECCESSI SESSUALI ALLA NOIA E ALLA VIOLENZA. SEMPRE PIU' FATALMENTE ATTRATTO DA MIMI' CHE SEMBRA RICAMBIARLO NIGEL PRIMA DI AVERLA DEVE ASCOLTARE DA OSCAR LA CONCLUSIONE DEL RACCONTO CHE SARA' INASPETTATA E CRUDELE. STORIA DI UN'OSSESSIONE AMOROSA. FILM A COLORI.
538 ## - SYSTEM DETAILS NOTE
System details note PAL, STEREO
546 ## - LANGUAGE NOTE
Language note ITALIANO
650 ## - SUBJECT ADDED ENTRY--TOPICAL TERM
Topical term or geographic name as entry element DRAMMATICO
Relator term FILMS [VHS]
General subdivision Codice MATERIA SPICS: 9960
9 (RLIN) 34083
700 ## - ADDED ENTRY--PERSONAL NAME
Personal name Bruckner Pascal
Relator term (soggetto)
Miscellaneous information Codice Soggetto SPICS: 30165
9 (RLIN) 49814
700 ## - ADDED ENTRY--PERSONAL NAME
Personal name Polanski Roman
Relator term (regista)
Miscellaneous information Codice regista SPICS: 1627
9 (RLIN) 49815
700 ## - ADDED ENTRY--PERSONAL NAME
Personal name Vangelis Papathanass
Relator term (musica)
Miscellaneous information Codice Musica SPICS: 11474
9 (RLIN) 49816
942 ## - ADDED ENTRY ELEMENTS (KOHA)
Koha item type VHS - VIDEO
Source of classification or shelving scheme Dewey Decimal Classification
Dati di copia
Withdrawn status Lost status Damaged status Not for loan Home library Current library Date acquired Total Checkouts Full call number Date last seen Price effective from Koha item type Public note
    Buone Condizioni Not For Loan SPICS-MEDIATECA SPICS-MEDIATECA 31/01/2015   C2010 31/01/2015 31/01/2015 VHS - VIDEO Progr. Ins.: 330 / N.Vol.:1 / Copie: 1 / Pag.:0 / Copia rara: n.d. / date import: 1.2.2015 / By Epidotti, Trombetti, Vaglietti
CREDITS: SOCIETA' SAN PAOLO Via A.Severo, 58 - ROMA (RM) & PERIODICI SAN PAOLO SRL Via Giotto, 36 MILANO & CISF Via Giotto, 36 MILANO & EDIZIONI SAN PAOLO SRL,  Piazza Soncino, 5 CINISELLO BALSAMO (MI) -- ITALY